000 00681nas a2200205 454500
001 18925
005 20260407193505.0
008 260407s1983####ag###########|||spa#d
003 AR-UNSa-BCEJYS
040 _aAR-UNSa-BCEJYS
_bspa
_cAR-UNSa-BCEJYS
080 _a004
_xCiencia y tecnología de los ordenadores. Informática
245 1 0 _aComputer
_prevista de informática
264 1 _aBuenos Aires :
_bMini Computer
_c1983
310 _aFrecuencia: Mensual
942 _cSER
590 _aniveau_biblio:s niveau_hierar:1
100 1 _aBalaña, Carlos
650 _aInformática
856 4 1 _uhttps://biblioeco.unsa.edu.ar/pmb/images/revistas/Computer.jpg
_yImagen de portada
_qimage/jpeg
999 _c8507
_d8507